Real or Phony Harvard Courses? Quiz Stats

 Plays Quiz Updated Mar 25, 2018

Challenge
Share
Tweet
Embed
Score 0/12 Timer 05:00
9 Plays Today
% Correct
Race, Ethnicity, and Immigration: From Obama to Trump
82%
Secrets and Lies in European History
78.6%
Basic Mechanisms of T cell Mediated Autoimmune Diseases
78.1%
Introduction to Polish Culture
77.6%
Probing the Polity: Alternatives to the State
72.1%
American Dreams from Scarface to Easy Rider
70.9%
Apocalypse Then! Forging the Culture of Medieval Rus'
59.8%
Carmen and the Art of Seduction
59.3%
Modern Stories about Paris
56.3%
What is Atlantic History?
51.6%
Finding Our Way
47.4%
Topics in Mean Field Spin Glasses
37%

You're not logged in!

Compare scores with friends on all Sporcle quizzes.
OR
Log In

You Might Also Like...

Show Comments

Extras

Top Quizzes Today


Score Distribution

Your Account Isn't Verified!

In order to create a playlist on Sporcle, you need to verify the email address you used during registration. Go to your Sporcle Settings to finish the process.

Report this User

Report this user for behavior that violates our Community Guidelines.

Details: